000 00306nam a2200121Ia 4500
003 GCL
008 140319s9999 xx 000 0 eng d
040 _aGCL /
_cGCL
082 0 4 _a410
_bB L
245 1 0 _aLECTURES ON LINGUISTICS
260 _a[S.N] :
_bHIJHER SCHOOL PUBLISHING HOUSE ،
_c1969
300 _a175 P
999 _c19707
_d19707